The church between Russia and America
Elmentve itt :
| Szerző: | |
|---|---|
| Dokumentumtípus: | Cikk |
| Megjelent: |
1947
|
| Sorozat: | Kolligátum
|
| Kulcsszavak: | Egyház, Oroszország, Amerikai Egyesült Államok |
| Online Access: | http://misc.bibl.u-szeged.hu/22607 |
| LEADER | 00582nab a2200169 i 4500 | ||
|---|---|---|---|
| 001 | misc22607 | ||
| 005 | 20191111110416.0 | ||
| 008 | 170906s1947 hu o 0|| zxx d | ||
| 040 | |a SZTE Miscellanea Repozitórium |b hun | ||
| 041 | |a zxx | ||
| 100 | 2 | |a Diem-Ebersbach Hermann | |
| 245 | 1 | 4 | |a The church between Russia and America |h [elektronikus dokumentum] / |c Diem-Ebersbach Hermann |
| 260 | |c 1947 | ||
| 300 | |a 592-609 | ||
| 490 | 0 | |a Kolligátum | |
| 695 | |a Egyház, Oroszország, Amerikai Egyesült Államok | ||
| 856 | 4 | 0 | |u http://misc.bibl.u-szeged.hu/22607/1/14359_592-609.pdf |z Dokumentum-elérés |